000 00632cam a22002293a 4500
001 4554
003 PGUSA
005 20140828083058.0
008 031001s2003||||xxu|||||s|||||000 | eng d
040 _aPGUSA
_beng
042 _adc
050 4 _aPT
100 1 _aInchbald,
_cMrs,
_d1753-1821
245 1 0 _aLover's Vows
_h[electronic resource] /
_cInchbald,
260 _bProject Gutenberg,
_c2003
506 _aPublic domain in the USA.
516 _aElectronic text
653 _aGerman drama -- Translations into English
830 0 _aProject Gutenberg
_v4554
856 4 0 _uhttp://www.gutenberg.org/ebooks/4554
942 _cEB
999 _c233883
_d233883